[Event "SVM_Verbandsliga_Nord_2023-24"]
[Site "?"]
[Date "2024.02.04"]
[Round "6.6"]
[White "Brand, Christopher"]
[Black "Golderer, Benjamin"]
[Result "1-0"]
[WhiteElo "1421"]
[BlackElo "1454"]
[PlyCount "111"]
[EventDate "2024.02.04"]
[SourceDate "2024.02.04"]
[WhiteTeam "Pulheimer SC 1"]
[BlackTeam "Ford SF Köln 1"]

1. Nf3 Nf6 2. c4 e6 3. d4 d5 4. g3 c6 5. Bg2 Be7 6. Nbd2 Nbd7 7. Qc2 O-O 8. O-O
b6 9. e4 dxe4 10. Nxe4 Bb7 11. Nfd2 Qc8 12. c5 Nxe4 13. Nxe4 h6 14. Bf4 Nf6 15.
b4 b5 16. Qe2 Qd7 17. Rad1 Nd5 18. Bd2 Nf6 19. Bc3 Nd5 20. Bd2 Nf6 21. Nxf6+
Bxf6 22. Qg4 Qxd4 23. Qxd4 Bxd4 24. Bxh6 Bxf2+ 25. Rxf2 gxh6 26. Rd7 Rab8 27.
Rfd2 a6 28. Rc7 Rfc8 29. Rdd7 Rxc7 30. Rxc7 Kf8 31. Kf2 Ke8 32. Rxb7 Rxb7 33.
Bxc6+ Rd7 34. Bxd7+ Kxd7 35. Ke3 Kc6 36. Ke4 f6 37. Kd4 e5+ 38. Ke4 a5 39. a3
a4 40. g4 Kd7 41. Kd5 Kc7 42. h4 Kd7 43. g5 fxg5 44. hxg5 hxg5 45. Kxe5 g4 46.
Kf4 Ke6 47. Kxg4 Ke5 48. Kg3 Kf5 49. Kf3 Ke5 50. Ke3 Kd5 51. Kd3 Ke5 52. Ke3
Kd5 53. Kf4 Kc6 54. Ke4 Kd7 55. Kd5 Kc7 56. c6 1-0

[Event "SVM_Verbandsliga_Nord_2023-24"]
[Site "?"]
[Date "2024.02.04"]
[Round "6.7"]
[White "Jansen, Kurt"]
[Black "Porn, Jürgen"]
[Result "0-1"]
[WhiteElo "1273"]
[BlackElo "1823"]
[PlyCount "130"]
[EventDate "2024.02.04"]
[SourceDate "2024.02.04"]
[WhiteTeam "Ford SF Köln 1"]
[BlackTeam "Pulheimer SC 1"]

1. e4 e6 2. Nc3 d5 3. exd5 exd5 4. d4 c6 5. Bd3 Bd6 6. Qe2+ Qe7 7. Qxe7+ Nxe7
8. Nge2 Bf5 9. Bxf5 Nxf5 10. g3 Na6 11. a3 O-O-O 12. Bd2 Nc7 13. O-O-O Rhe8 14.
Bf4 Ne6 15. Bxd6 Rxd6 16. h4 h5 17. Rd2 Rd7 18. Nd1 Rde7 19. c3 Nd6 20. Ne3 g6
21. Nf4 Nxf4 22. gxf4 Ne4 23. Rc2 Nxf2 24. Rxf2 Rxe3 25. f5 Re1+ 26. Rxe1 Rxe1+
27. Kc2 Rh1 28. fxg6 fxg6 29. Rg2 Rxh4 30. Rxg6 Rg4 31. Rh6 h4 32. Kb3 Kc7 33.
a4 Kb6 34. Kb4 Rg7 35. Kb3 Rg4 36. Kb4 a5+ 37. Kb3 Re4 38. Ka3 Kc7 39. Kb3 b6
40. Ka3 Kb7 41. Rh7+ Kc8 42. Kb3 c5 43. Ka3 cxd4 44. Rh5 dxc3 45. bxc3 d4 46.
cxd4 Rxd4 47. Rh7 Kd8 48. Kb3 Ke8 49. Ka3 Kf8 50. Rb7 Rb4 51. Rh7 Kg8 52. Rh5
Kg7 53. Rg5+ Kf6 54. Rg8 Kf5 55. Rh8 Kg4 56. Rg8+ Kh3 57. Rg6 Kh2 58. Rh6 h3
59. Rg6 Kh1 60. Rg3 h2 61. Rg6 Rb1 62. Ka2 Rg1 63. Rxb6 Kg2 64. Rb2+ Kg3 65.
Rb3+ Kg4 0-1

[Event "SVM_Verbandsliga_Nord_2023-24"]
[Site "?"]
[Date "2024.02.04"]
[Round "6.8"]
[White "Knobeloch, Olaf"]
[Black "Werner, Maximilian"]
[Result "1-0"]
[WhiteElo "1556"]
[BlackElo "1280"]
[PlyCount "41"]
[EventDate "2024.02.04"]
[SourceDate "2024.02.04"]
[WhiteTeam "Pulheimer SC 1"]
[BlackTeam "Ford SF Köln 1"]

1. d4 Nf6 2. Nf3 g6 3. e3 Bg7 4. Be2 O-O 5. O-O d6 6. c4 Nbd7 7. Nc3 e5 8. Qc2
c5 9. b3 b6 10. Bb2 Qc7 11. Rad1 Bb7 12. Nb5 Qd8 13. Nxd6 e4 14. Nxb7 Qb8 15.
Nxc5 bxc5 16. Nd2 Qc7 17. dxc5 Nxc5 18. b4 Nd3 19. Bxd3 exd3 20. Qc3 Rad8 21.
Nf3 1-0

[Event "SVM_Verbandsliga_Nord_2023-24"]
[Site "?"]
[Date "2024.03.03"]
[Round "7.1"]
[Board "1"]
[White "Hoffmann,Klaus-Peter"]
[Black "Cordts,Ingo"]
[WhiteTeam "SV KS Leverkusen 1"]
[BlackTeam "Ford SF Köln 1"]
[WhiteElo "2160"]
[BlackElo "2223"]
[WhiteDWZ "2064"]
[BlackDWZ "2182"]
[Result "0-1"]
[PlyCount "72"]
[EventDate "2024.03.03"]
[SourceDate "2024.03.03"]
 
1. Nf3 Nf6 2. g3 c5 3. c4 d5 4. Bg2 Nc6 5. O-O e5 6. Qa4 Bd6 7. Nc3 dxc4 8.
Qxc4 O-O 9. d3 h6 10. Bd2 Rb8 11. Nh4 Nd4 12. Qa4 b5 13. Qd1 b4 14. Ne4 Nxe4
15. Bxe4 Bg4 16. f3 Bh3 17. Ng2 Be7 18. e3 f5 19. exd4 fxe4 20. Qb3+ Kh7 21.
dxe4 exd4 22. Qd3 Rc8 23. b3 Rc6 24. Rf2 Bc8 25. f4 Ba6 26. Qf3 c4 27. e5 Qc8
28. Qe4+ Kh8 29. bxc4 Rxc4 30. f5 d3 31. Qf3 Bc5 32. Ne3 Bb7 33. Qxb7 Qxb7 34.
Nxc4 Bxf2+ 35. Kxf2 Rxf5+ 36. Ke3 Qd5 0-1

[Event "SVM_Verbandsliga_Nord_2023-24"]
[Site "?"]
[Date "2024.03.03"]
[Round "7.1"]
[Board "2"]
[White "Distelrath,Stephan"]
[Black "Schmitz,Andreas"]
[WhiteTeam "Ford SF Köln 1"]
[BlackTeam "SV KS Leverkusen 1"]
[WhiteElo "2066"]
[BlackElo "2014"]
[WhiteDWZ "2132"]
[BlackDWZ "1883"]
[Result "1-0"]
[PlyCount "51"]
[EventDate "2024.03.03"]
[SourceDate "2024.03.03"]
 
1. e4 e6 2. d4 d5 3. e5 c5 4. c3 Qb6 5. Nf3 Bd7 6. Be2 Bb5 7. O-O a5 8. c4 Bxc4
9. Bxc4 dxc4 10. d5 exd5 11. Qxd5 Qc6 12. Qxc4 b5 13. Qg4 Na6 14. Nc3 h5 15.
Qf5 Ne7 16. Qd3 c4 17. Qe2 Nf5 18. a4 bxa4 19. e6 f6 20. Qc2 g6 21. Nd4 Nxd4
22. Qxg6+ Ke7 23. Qf7+ Kd6 24. Qxf6 Bg7 25. Qxg7 Nxe6 26. Rd1+ 1-0

[Event "SVM_Verbandsliga_Nord_2023-24"]
[Site "?"]
[Date "2024.03.03"]
[Round "7.1"]
[Board "6"]
[White "Müller,Martin"]
[Black "Asadzade,Muhammed"]
[WhiteTeam "Ford SF Köln 1"]
[BlackTeam "SV KS Leverkusen 1"]
[WhiteElo "1851"]
[BlackElo "1621"]
[WhiteDWZ "1826"]
[BlackDWZ "1524"]
[Result "1/2-1/2"]
[PlyCount "38"]
[EventDate "2024.03.03"]
[SourceDate "2024.03.03"]
 
1. c4 c5 2. g3 Nc6 3. Bg2 g6 4. Nc3 Bg7 5. Nf3 Nf6 6. O-O d6 7. d3 O-O 8. h3 h6
9. a3 Bd7 10. Rb1 Nd4 11. Nxd4 cxd4 12. Nd5 Nxd5 13. cxd5 Qb6 14. b4 Rac8 15.
Bd2 Qa6 16. Qb3 b5 17. Rfc1 e5 18. dxe6 Bxe6 19. Qb2 h5 {(=)} 1/2-1/2

[Event "SVM_Verbandsliga_Nord_2023-24"]
[Site "?"]
[Date "2024.03.03"]
[Round "7.2"]
[Board "1"]
[White "Görgens,Albert"]
[Black "Wieferig,Wolfgang"]
[WhiteTeam "Pulheimer SC 1"]
[BlackTeam "Schachuzipus 1"]
[WhiteElo "2265"]
[BlackElo "2233"]
[WhiteDWZ "2170"]
[BlackDWZ "2141"]
[Result "1-0"]
[PlyCount "75"]
[EventDate "2024.03.03"]
[SourceDate "2024.03.03"]
 
1. e4 c5 2. Nf3 d6 3. Bb5+ Bd7 4. Bxd7+ Qxd7 5. O-O e6 6. c4 Nc6 7. Nc3 g6 8.
d4 cxd4 9. Nxd4 Bg7 10. Be3 Rd8 11. Qd2 Nge7 12. Rfd1 a6 13. Rac1 O-O 14. h3
Rfe8 15. b3 Qc7 16. Nxc6 bxc6 17. Bf4 Nc8 18. c5 e5 19. Bg5 f6 20. Be3 dxc5 21.
Qe2 Rd4 22. Qxa6 Bf8 23. Bxd4 exd4 24. Na4 Nd6 25. Nxc5 Nb5 26. Ne6 Rxe6 27.
Qxb5 Qe5 28. Qxe5 fxe5 29. Rc4 c5 30. Ra4 Kf7 31. Ra7+ Be7 32. Kf1 Rc6 33. Rc1
Ke6 34. Ke2 h5 35. Rc4 Rb6 36. Rca4 Bd6 37. Kd3 g5 38. Rh7 1-0

[Event "SVM_Verbandsliga_Nord_2023-24"]
[Site "?"]
[Date "2024.03.03"]
[Round "7.2"]
[Board "2"]
[White "Schläfer,Roland"]
[Black "Bausch,Thomas"]
[WhiteTeam "Schachuzipus 1"]
[BlackTeam "Pulheimer SC 1"]
[WhiteElo "2029"]
[BlackElo "2075"]
[WhiteDWZ "1950"]
[BlackDWZ "2071"]
[Result "0-1"]
[PlyCount "68"]
[EventDate "2024.03.03"]
[SourceDate "2024.03.03"]
 
1. Nf3 c5 2. c4 Nc6 3. Nc3 g6 4. d4 cxd4 5. Nxd4 Bg7 6. Nc2 Nf6 7. e4 d6 8. Be2
O-O 9. O-O Bd7 10. Be3 Rc8 11. f3 Qc7 12. Rc1 b6 13. Qd2 Qb7 14. Rfd1 Rfd8 15.
b3 Be8 16. f4 Qb8 17. Bf3 Bd7 18. Nd4 Nxd4 19. Bxd4 Bc6 20. Nd5 Nxd5 21. cxd5
Bxd4+ 22. Qxd4 Bd7 23. Qd2 Rxc1 24. Rxc1 Rc8 25. h3 Rc7 26. Re1 Qc8 27. Re2
Rc1+ 28. Kh2 Qc5 29. Rf2 a5 30. Kg3 Rc3 31. Kh2 Bb5 32. Kg1 Bd3 33. Be2 Rc1+
34. Bd1 Bxe4 0-1

[Event "SVM_Verbandsliga_Nord_2023-24"]
[Site "?"]
[Date "2024.03.03"]
[Round "7.3"]
[Board "1"]
[White "Loeschcke,Christian"]
[Black "Rau,Nikita"]
[WhiteTeam "Lasker Köln 3"]
[BlackTeam "Godesberger SK 4"]
[WhiteElo "2018"]
[BlackElo "2033"]
[WhiteDWZ "1928"]
[BlackDWZ "2089"]
[Result "0-1"]
[PlyCount "94"]
[EventDate "2024.03.03"]
[SourceDate "2024.03.03"]
 
1. e4 d5 2. exd5 Qxd5 3. Nc3 Qa5 4. d4 Nf6 5. Nf3 c6 6. Bc4 Bf5 7. Bd2 e6 8.
Ne4 Qc7 9. Nxf6+ gxf6 10. Qe2 Nd7 11. Nh4 Bxc2 12. Rc1 Bg6 13. f4 O-O-O 14. d5
exd5 15. Nxg6 hxg6 16. Bxd5 Bb4 17. Bxb4 Rde8 18. Be7 Qa5+ 19. Kf2 Qxd5 20.
Rhd1 Qe6 21. Re1 Qxe2+ 22. Rxe2 Rxh2 23. f5 Rh5 24. fxg6 Rf5+ 25. Kg3 fxg6 26.
Rh1 Rg5+ 27. Kf2 Re5 28. Rh7 Rxe2+ 29. Kxe2 Nb6 30. Kd2 Nd5 31. Bd6 Re6 32. Bh2
Re7 33. Rh6 g5 34. Kd3 Kd7 35. a3 Ke6 36. g4 Kf7 37. Bd6 Kg7 38. Rh2 Rd7 39.
Bb8 b6 40. Ke4 Re7+ 41. Kd4 a5 42. Rc2 Re6 43. Bg3 Ne3 44. Rc3 c5+ 45. Kd3 Nxg4
46. Bc7 Rc6 47. Bg3 f5 0-1

[Event "SVM_Verbandsliga_Nord_2023-24"]
[Site "?"]
[Date "2024.03.03"]
[Round "7.3"]
[Board "2"]
[White "Schumacher,Markus"]
[Black "Pericic,Boris"]
[WhiteTeam "Godesberger SK 4"]
[BlackTeam "Lasker Köln 3"]
[WhiteElo "1828"]
[BlackElo "1888"]
[WhiteDWZ "1867"]
[BlackDWZ "1821"]
[Result "0-1"]
[PlyCount "103"]
[EventDate "2024.03.03"]
[SourceDate "2024.03.03"]
 
1. e4 e5 2. Nf3 Nc6 3. d4 exd4 4. Nxd4 Ne5 5. Nc3 c6 6. Be2 d6 7. Be3 Be7 8.
O-O Nf6 9. f3 Qc7 10. Qd2 b5 11. a3 a6 12. g4 O-O 13. Kh1 Rd8 14. g5 Ne8 15. f4
Nc4 16. Bxc4 bxc4 17. Qf2 Rb8 18. Rab1 Bf8 19. f5 d5 20. exd5 cxd5 21. f6 g6
22. Bf4 Nd6 23. Rfe1 Qa7 24. Be3 Qb7 25. Bf4 Ra8 26. Qg2 Nf5 27. Qd2 Bc5 28.
Nce2 Bd7 29. c3 Re8 30. Ng3 Nxd4 31. cxd4 Bf8 32. Be5 Rac8 33. Qc3 Ba4 34. Kg1
Re6 35. Re2 Rb6 36. Rbe1 Rb3 37. Qc1 c3 38. bxc3 Rcxc3 39. Qf4 Qb6 40. Qg4 Bb5
41. Rf2 Rxa3 42. h4 Bd6 43. Kh2 h5 44. gxh6 Rxg3 45. Qc8+ Kh7 46. Bxg3 Rxg3 47.
Kh1 Qxd4 48. Qb7 Qxh4+ 49. Rh2 Qxf6 50. Qxd5 Rg5 51. Qa8 Bxh2 52. Qg8+ 0-1

[Event "SVM_Verbandsliga_Nord_2023-24"]
[Site "?"]
[Date "2024.03.03"]
[Round "7.3"]
[Board "6"]
[White "Henn,Peter"]
[Black "Kröger,Sven"]
[WhiteTeam "Godesberger SK 4"]
[BlackTeam "Lasker Köln 3"]
[WhiteElo "1767"]
[BlackElo "1411"]
[WhiteDWZ "1754"]
[BlackDWZ "1601"]
[Result "1/2-1/2"]
[PlyCount "93"]
[EventDate "2024.03.03"]
[SourceDate "2024.03.03"]
 
1. Nf3 d6 2. d4 Nf6 3. c4 Nbd7 4. Nc3 e5 5. dxe5 dxe5 6. Qc2 c6 7. Bd2 Bc5 8.
e3 Qc7 9. Bd3 Be7 10. Ne4 Nxe4 11. Bxe4 Nf6 12. Bd3 c5 13. Bc3 Bd6 14. Ng5 h6
15. Ne4 Nxe4 16. Bxe4 Be6 17. b3 O-O 18. Rd1 Rad8 19. Bd5 Qe7 20. e4 Bg4 21. f3
Bc8 22. O-O Qg5 23. Qf2 b6 24. h4 Qg6 25. Kh2 Kh8 26. g4 Bc7 27. Rg1 Qf6 28.
Bd2 g5 29. hxg5 hxg5 30. Rh1 Kg7 31. Kg2 Rh8 32. Rxh8 Rxh8 33. Rh1 Rxh1 34.
Kxh1 Bxg4 35. Kg2 Bc8 36. Qg3 Kg6 37. Qh2 Qg7 38. Qg3 Qh6 39. Bc3 f6 40. Be1
Qh5 41. Qh2 Qxh2+ 42. Kxh2 f5 43. exf5+ Bxf5 44. Be4 g4 45. Kg3 gxf3 46. Kxf3
Kf6 47. a4 {(=)} 1/2-1/2

[Event "SVM_Verbandsliga_Nord_2023-24"]
[Site "?"]
[Date "2024.03.03"]
[Round "7.3"]
[Board "7"]
[White "Janknecht,Eckart"]
[Black "Boysen,Christopher"]
[WhiteTeam "Lasker Köln 3"]
[BlackTeam "Godesberger SK 4"]
[WhiteElo "1715"]
[BlackElo "1810"]
[WhiteDWZ "1808"]
[BlackDWZ "1734"]
[Result "0-1"]
[PlyCount "94"]
[EventDate "2024.03.03"]
[SourceDate "2024.03.03"]
 
1. e4 d6 2. d4 g6 3. Nf3 Bg7 4. Bc4 Nf6 5. Nc3 O-O 6. Bf4 Nxe4 7. Nxe4 d5 8.
Bxd5 Qxd5 9. Nc3 Qa5 10. O-O Bg4 11. b4 Qf5 12. Ne2 Bxf3 13. gxf3 c6 14. Kg2
Nd7 15. Qd2 Rfe8 16. Ng3 Qd5 17. c3 Nb6 18. Qc2 Nc4 19. Qe4 Qd7 20. Rad1 Nd6
21. Qd3 b5 22. Rfe1 Nc4 23. Re2 a5 24. Qc2 axb4 25. cxb4 Ra4 26. Qb1 e6 27. Ne4
Ra7 28. Nc5 Qd5 29. Qe4 Qxe4 30. fxe4 e5 31. dxe5 Bxe5 32. Bxe5 Nxe5 33. Rd6
Rea8 34. f4 Rxa2 35. Rxa2 Rxa2+ 36. Kg3 Nc4 37. Rxc6 Rb2 38. Na6 Rb3+ 39. Kh4
Kg7 40. Rc5 Ne3 41. Rxb5 Ng2+ 42. Kg4 h5+ 43. Rxh5 gxh5+ 44. Kxh5 Nxf4+ 45. Kg4
Nd3 46. Kf5 Nxb4 47. Nc5 Rh3 0-1

[Event "SVM_Verbandsliga_Nord_2023-24"]
[Site "?"]
[Date "2024.03.03"]
[Round "7.3"]
[Board "8"]
[White "Foitzik,Peter"]
[Black "Plitzner,Hans Joachim"]
[WhiteTeam "Godesberger SK 4"]
[BlackTeam "Lasker Köln 3"]
[WhiteElo "1656"]
[BlackElo "1698"]
[WhiteDWZ "1652"]
[BlackDWZ "1764"]
[Result "1/2-1/2"]
[PlyCount "81"]
[EventDate "2024.03.03"]
[SourceDate "2024.03.03"]
 
1. e4 c5 2. Nc3 Nc6 3. Nge2 g6 4. g3 Bg7 5. Bg2 Nf6 6. Rb1 e6 7. O-O d6 8. d3
O-O 9. Bd2 Bd7 10. Nf4 a6 11. a3 Rc8 12. Nce2 b5 13. c3 Qb6 14. Be3 Ng4 15. d4
Nxe3 16. fxe3 Ne7 17. Qd2 c4 18. Rf2 a5 19. h4 Rc7 20. Rbf1 f6 21. Bh3 d5 22.
exd5 exd5 23. Bxd7 Rxd7 24. g4 Qd6 25. Kg2 f5 26. g5 Rb7 27. Ng3 b4 28. axb4
axb4 29. h5 bxc3 30. bxc3 Rfb8 31. hxg6 hxg6 32. Rc1 Qa3 33. Kf3 Kf7 34. Rh2
Rb1 35. Rc2 Qd6 36. Qg2 Rh8 37. Rxh8 Bxh8 38. Qh3 Bg7 39. Qh2 Qa3 40. Qd2 Qb3
41. Nfe2 {(=)} 1/2-1/2

[Event "SVM_Verbandsliga_Nord_2023-24"]
[Site "?"]
[Date "2024.03.03"]
[Round "7.4"]
[Board "1"]
[White "Kersten,Alexander"]
[Black "Wrzesniak,Marek"]
[WhiteTeam "BSG Rheinpark 1"]
[BlackTeam "Bayer Leverkusen 2"]
[WhiteElo "2063"]
[BlackElo "2050"]
[WhiteDWZ "1929"]
[BlackDWZ "1904"]
[Result "1/2-1/2"]
[PlyCount "52"]
[EventDate "2024.03.03"]
[SourceDate "2024.03.03"]
 
1. g3 d5 2. c4 c6 3. Bg2 Nf6 4. Qa4 dxc4 5. Qxc4 g6 6. Nf3 Bg7 7. O-O Qd5 8.
Na3 O-O 9. d3 Qxc4 10. Nxc4 Bg4 11. Bd2 Bxf3 12. Bxf3 Nbd7 13. Na5 Rab8 14.
Rac1 Rfe8 15. b4 a6 16. Be3 e5 17. Rc4 Nd5 18. Bxd5 cxd5 19. Rc7 Nf6 20. Nxb7
d4 21. Bd2 Nd5 22. Rc5 Nxb4 23. Bxb4 Rxb7 24. a3 Bf8 25. Ra5 Bxb4 26. axb4 Rxb4
{(=)} 1/2-1/2

[Event "SVM_Verbandsliga_Nord_2023-24"]
[Site "?"]
[Date "2024.03.03"]
[Round "7.4"]
[Board "3"]
[White "Lattermann,Stefan"]
[Black "Petrovic,Julijan"]
[WhiteTeam "BSG Rheinpark 1"]
[BlackTeam "Bayer Leverkusen 2"]
[WhiteElo "2121"]
[BlackElo "1690"]
[WhiteDWZ "1968"]
[BlackDWZ "1746"]
[Result "1-0"]
[PlyCount "87"]
[EventDate "2024.03.03"]
[SourceDate "2024.03.03"]
 
1. e4 c5 2. Nf3 d6 3. d4 cxd4 4. Nxd4 Nf6 5. Nc3 a6 6. Bg5 e6 7. f4 Qb6 8. Qd2
Qxb2 9. Nb3 Qa3 10. Bxf6 gxf6 11. Be2 Be7 12. O-O Nc6 13. f5 h5 14. Qe3 Bd7 15.
Bd3 Ne5 16. Ne2 exf5 17. Nf4 fxe4 18. Bxe4 Bc6 {(=)} 19. Rfe1 Qa4 20. Nd4 Rd8
21. Bd5 Qa5 22. c4 Rd7 23. Kh1 Qc5 24. Qe4 Bxd5 25. Nxd5 h4 26. Nf5 h3 27.
Nfxe7 hxg2+ 28. Qxg2 Rxe7 29. Nxe7 Kxe7 30. Qxb7+ Ke6 31. Qe4 Qf2 32. Qg2 Qf4
33. c5 dxc5 34. Qc6+ Kf5 35. Qg2 Nf3 36. Qc2+ Kg5 37. Re2 Nxh2 38. Rxh2 Rxh2+
39. Qxh2 Qe4+ 40. Qg2+ Qxg2+ 41. Kxg2 Kf4 42. Rc1 f5 43. Rxc5 Ke4 44. Kf2 1-0

[Event "SVM_Verbandsliga_Nord_2023-24"]
[Site "?"]
[Date "2024.03.03"]
[Round "7.5"]
[Board "1"]
[White "Kocur,Alois"]
[Black "Pyka,Andreas"]
[WhiteTeam "SV Springer Hitdorf 1"]
[BlackTeam "SF Schlebusch 1"]
[WhiteElo "2242"]
[BlackElo "2084"]
[WhiteDWZ "2142"]
[BlackDWZ "2014"]
[Result "1/2-1/2"]
[PlyCount "42"]
[EventDate "2024.03.03"]
[SourceDate "2024.03.03"]
 
1. e4 e6 2. d4 d5 3. Nd2 Nf6 4. e5 Nfd7 5. Bd3 c5 6. c3 Nc6 7. Ne2 cxd4 8. cxd4
f6 9. exf6 Nxf6 10. Nf3 Bd6 11. O-O Qc7 12. Nc3 a6 13. Bg5 O-O 14. Bh4 Nh5 15.
Bg3 Nxg3 16. hxg3 g6 17. Re1 Qg7 18. Bc2 Bd7 19. Na4 Rae8 20. a3 b5 21. Nb6 Bb8
{(=)} 1/2-1/2

[Event "SVM_Verbandsliga_Nord_2023-24"]
[Site "?"]
[Date "2024.03.03"]
[Round "7.5"]
[Board "6"]
[White "Kolinko,Daniel"]
[Black "Schmitz,Manuela"]
[WhiteTeam "SF Schlebusch 1"]
[BlackTeam "SV Springer Hitdorf 1"]
[WhiteElo "1464"]
[BlackElo "1817"]
[WhiteDWZ "1696"]
[BlackDWZ "1853"]
[Result "1/2-1/2"]
[PlyCount "47"]
[EventDate "2024.03.03"]
[SourceDate "2024.03.03"]
 
1. e4 e6 2. d4 d5 3. exd5 exd5 4. Nf3 Nf6 5. Bd3 Bg4 6. Bf4 Be7 7. h3 Bh5 8.
Nbd2 O-O 9. O-O Nbd7 10. c3 c6 11. Qc2 Bg6 12. Bxg6 fxg6 13. Ng5 Qb6 14. Ne6
Rf7 15. Bc7 Qa6 16. Rfe1 Ne8 17. Nf3 Rc8 18. Bg3 Nf8 19. Qe2 Qxe2 20. Rxe2 Nxe6
21. Rxe6 Nc7 22. Bxc7 Rxc7 23. Rae1 Bf8 24. Ne5 {(=)} 1/2-1/2